Μαθήματα ιστορίας της φιλοσοφίας των Ελλήνων

Αποθηκεύτηκε σε:
Λεπτομέρειες βιβλιογραφικής εγγραφής
Κύριος συγγραφέας: Θεοδωρακόπουλος, Ιωάννης Ν., 1900-1981
Μορφή: Βιβλίο
Γλώσσα:Greek
Δημοσίευση: Αθήναι : [χ.ό.], 1952.
Θέματα:
Ετικέτες: Προσθήκη ετικέτας
Δεν υπάρχουν, Καταχωρήστε ετικέτα πρώτοι!

MARC

LEADER 00000cam a2200000 a 4500
001 1/118325
008 190329s1952####gr | ||| |||| ||gre||
040 |a GR-MyUa  |b gre  |c GR-MyUa  |e AACR2 
041 0 |a gre 
082 7 |a 180   |2 (23) 
100 1 |a Θεοδωρακόπουλος, Ιωάννης Ν.,   |d 1900-1981. 
245 1 0 |a Μαθήματα ιστορίας της φιλοσοφίας των Ελλήνων /   |c Ι. Ν. Θεοδωρακόπουλου.  
260 |a Αθήναι :   |b [χ.ό.],   |c 1952.  
300 |a 55 σ. ;   |c 26 εκ.  
650 0 |a Philosophy, Ancient  |x Study and teaching. 
650 0 |a Philosophers, Ancient. 
650 0 |a Philosophers  |z Greece. 
852 |a INST  |b RHODES  |c AKA  |e 20190329  |h 184 ΘΕΟ  |p 005400040568  |q 005400040568  |t BK  |y 0 
970 |a Μαρία  |b Κωτάκου  |z 29-03-2019